<?xml version="1.0" encoding="UTF-8"?>
<record
    xmlns:xsi="http://www.w3.org/2001/XMLSchema-instance"
    xsi:schemaLocation="http://www.loc.gov/MARC21/slim http://www.loc.gov/standards/marcxml/schema/MARC21slim.xsd"
    xmlns="http://www.loc.gov/MARC21/slim">

  <leader>01791cam a2200289 a 4500</leader>
  <controlfield tag="005">20170302020002.0</controlfield>
  <controlfield tag="008">091125s2005    ec ab    b    000 0 spa d</controlfield>
  <datafield tag="020" ind1=" " ind2=" ">
    <subfield code="a">9789978444948</subfield>
  </datafield>
  <datafield tag="020" ind1=" " ind2=" ">
    <subfield code="a">9978444947</subfield>
  </datafield>
  <datafield tag="040" ind1=" " ind2=" ">
    <subfield code="a">GZM</subfield>
    <subfield code="c">GZM</subfield>
    <subfield code="d">OCLCF</subfield>
    <subfield code="d">NOC</subfield>
    <subfield code="d">DLC</subfield>
    <subfield code="d">CO-BoIAVH</subfield>
  </datafield>
  <datafield tag="041" ind1="0" ind2=" ">
    <subfield code="a">spa</subfield>
  </datafield>
  <datafield tag="044" ind1=" " ind2=" ">
    <subfield code="a">ck</subfield>
  </datafield>
  <datafield tag="082" ind1="0" ind2="0">
    <subfield code="a">577.687</subfield>
    <subfield code="b">T93a</subfield>
  </datafield>
  <datafield tag="245" ind1="0" ind2="0">
    <subfield code="a">Turberas altoandinas :</subfield>
    <subfield code="b">espacios fr&#xE1;giles de vida y cultura : Proyecto Peatlands in the Tropical Andes /</subfield>
    <subfield code="c">editora, Xiomara Izurieta.</subfield>
  </datafield>
  <datafield tag="246" ind1="3" ind2="0">
    <subfield code="a">Proyecto Peatlands in the Tropical Andes</subfield>
  </datafield>
  <datafield tag="260" ind1=" " ind2=" ">
    <subfield code="a">Quito :</subfield>
    <subfield code="b">Global Peatland Initiative/NC-IUCN/ECOPAR/Grupo Paramo,</subfield>
    <subfield code="c">c2005.</subfield>
  </datafield>
  <datafield tag="300" ind1=" " ind2=" ">
    <subfield code="a">x, 70 p&#xE1;ginas :</subfield>
    <subfield code="b">ilustraciones y mapas ;</subfield>
    <subfield code="c">19 x 27 cm.</subfield>
  </datafield>
  <datafield tag="504" ind1=" " ind2=" ">
    <subfield code="a">Incluye referencias bibliogr&#xE1;ficas.</subfield>
  </datafield>
  <datafield tag="505" ind1="0" ind2=" ">
    <subfield code="a">Costa Rica:  Complejo turbera de la Chonta / Marco Castro -- Venezuela: El Complejo de humedales del p&#xE1;ramo El Banco / Marcelo Molinillo, Maximina Monasterio -- Colombia: Turbera del r&#xED;o Morro, p&#xE1;ramo de Oceta / Felipe Rubio Torgler, Carlos Amezquita Granados, Roberto Franco Garc&#xED;a -- Ecuador: Complejo de turberas &#xD1;ucanchi Turupamba / Adriana Flachier -- Per&#xFA;: Complejo marcapomacocha / Roberto Ar&#xE9;valo -- Bolivia: Complejo Quetena Chico (Sud L&#xED;pez, Potos&#xED;) / Nelly de la Barra R., Jorge Bilbao Paz -- Chile: Complejo de turberas de Parinacota / Milka Castro, Iv&#xE1;n Restovic -- Argentina: Complejo de turberas del Arroyo Zenta / Luciana Crist&#xF3;bal, Alejandro Brown, Teresita Lom&#xE1;scolo.</subfield>
  </datafield>
  <datafield tag="650" ind1="1" ind2="6">
    <subfield code="a">Turberas</subfield>
    <subfield code="z">Andes</subfield>
  </datafield>
  <datafield tag="650" ind1="2" ind2="6">
    <subfield code="a">P&#xE1;ramos</subfield>
    <subfield code="x">ecolog&#xED;a</subfield>
    <subfield code="z">Andes.</subfield>
  </datafield>
  <datafield tag="650" ind1="2" ind2="6">
    <subfield code="a">Monta&#xF1;as</subfield>
    <subfield code="x">ecolog&#xED;a</subfield>
    <subfield code="z">Andes.</subfield>
  </datafield>
  <datafield tag="650" ind1="2" ind2="6">
    <subfield code="a">Turberas</subfield>
    <subfield code="x">conservaci&#xF3;n</subfield>
    <subfield code="z">Andes.</subfield>
  </datafield>
  <datafield tag="700" ind1="1" ind2=" ">
    <subfield code="a">Izurieta, Xiomara.</subfield>
    <subfield code="e">editora</subfield>
  </datafield>
  <datafield tag="710" ind1="2" ind2=" ">
    <subfield code="a">Proyecto Peatlands in the Tropical Andes.</subfield>
  </datafield>
  <datafield tag="942" ind1=" " ind2=" ">
    <subfield code="2">ddc</subfield>
    <subfield code="c">LIBRO</subfield>
    <subfield code="0">1</subfield>
  </datafield>
  <datafield tag="999" ind1=" " ind2=" ">
    <subfield code="c">5555</subfield>
    <subfield code="d">5555</subfield>
  </datafield>
  <datafield tag="952" ind1=" " ind2=" ">
    <subfield code="0">0</subfield>
    <subfield code="1">0</subfield>
    <subfield code="2">ddc</subfield>
    <subfield code="4">0</subfield>
    <subfield code="7">0</subfield>
    <subfield code="8">GENERAL</subfield>
    <subfield code="I">INV2017</subfield>
    <subfield code="a">Venado</subfield>
    <subfield code="b">Venado</subfield>
    <subfield code="d">2007-05-25</subfield>
    <subfield code="e">Instituto</subfield>
    <subfield code="g">39000.00</subfield>
    <subfield code="l">0</subfield>
    <subfield code="o">LB-577.687 T93a</subfield>
    <subfield code="p">024379</subfield>
    <subfield code="r">2012-12-04 00:00:00</subfield>
    <subfield code="t">Ej. 1</subfield>
    <subfield code="w">2012-12-04</subfield>
    <subfield code="x">Donacion</subfield>
    <subfield code="y">LIBRO</subfield>
  </datafield>
  <datafield tag="952" ind1=" " ind2=" ">
    <subfield code="0">0</subfield>
    <subfield code="1">0</subfield>
    <subfield code="2">ddc</subfield>
    <subfield code="4">0</subfield>
    <subfield code="7">0</subfield>
    <subfield code="8">GENERAL</subfield>
    <subfield code="I">INV2017</subfield>
    <subfield code="a">Bogota</subfield>
    <subfield code="b">Bogota</subfield>
    <subfield code="d">2016-06-08</subfield>
    <subfield code="e">Instituto</subfield>
    <subfield code="g">39000.00</subfield>
    <subfield code="l">1</subfield>
    <subfield code="o">LB-577.687 T93a</subfield>
    <subfield code="p">040431</subfield>
    <subfield code="r">2017-03-31 00:00:00</subfield>
    <subfield code="s">2017-03-01</subfield>
    <subfield code="t">Ej. 2</subfield>
    <subfield code="w">2016-06-08</subfield>
    <subfield code="x">Donacion</subfield>
    <subfield code="y">LIBRO</subfield>
  </datafield>
</record>
